Hispanidad y mestizaje: y otros ensayos
Sábháilte in:
| Príomhchruthaitheoir: | |
|---|---|
| Formáid: | LEABHAR |
| Teanga: | Spáinnis |
| Foilsithe / Cruthaithe: |
Madrid
Cultura Hispánica
1952
|
| Ábhair: | |
| Clibeanna: |
Cuir clib leis
Níl clibeanna ann, Bí ar an gcéad duine le clib a chur leis an taifead seo!
|
MARC
| LEADER | 00000nam a2200000 a 4500 | ||
|---|---|---|---|
| 001 | UCO2835 | ||
| 003 | CL-VaPUC | ||
| 008 | 000608e19520000SP |||||||||||||||||spa|d | ||
| 082 | 0 | 4 | |a 980 |b LIR |2 21 |
| 100 | |a Lira Pérez, Osvaldo |e autor |9 314960 | ||
| 245 | 1 | 0 | |a Hispanidad y mestizaje: y otros ensayos |
| 300 | |a 263 p | ||
| 942 | |c BK | ||
| 945 | |d 20000608 00:00:00 |a rherrera | ||
| 260 | |a Madrid |b Cultura Hispánica |c 1952 | ||
| 650 | 0 | |a Historia de América |9 266076 | |
| 650 | 0 | |a Mestizaje |9 314827 | |
| 650 | 0 | |a Arte español |9 341293 | |
| 650 | 7 | |a HISPANIDAD |2 CL-VaPUC |9 446509 | |
| 650 | 0 | |a Ensayos |9 268724 | |
| 651 | 0 | |a América |9 255182 | |
| 583 | |a last modification |c 20000608 00:00:00 |k Rodrigo Vera | ||
| 999 | |c 289329 |d 289327 | ||
| 952 | |0 0 |1 0 |4 0 |6 980_000000000000000_LIR_1952 |7 0 |8 A |9 337644 |a BIBHIS |b BIBHIS |d 2019-11-20 |i 1288024 |o 980 LIR 1952 |p 1288024 |r 2025-01-20 |w 2019-11-20 |y BK |k HIS | ||